000 00809nam a2200217 a 4500
001 000032239
003 DO-SdBNP
005 20250409144609.0
008 091014s1937 dr r 000 f spa d
040 _aDO-SdBNP
_bspa
_cBNPHU
082 _a398.2
_bM839d
100 1 _aMorel, Tomás,
_d1912-
_926581
245 1 0 _aDel llano i de la loma :
_btradiciones, criollas, coplas, fantasías, tonadas cantares i caribeños /
_cTomás Morel.
260 _aSantiago de los Caballeros, República Dominicana :
_bCorazón de Jesús de Nicolás Helú,
_c1937.
300 _a120 p. ;
_c21 cm.
590 _aInventariado, 2018/ YL
650 0 _aFolclore
_zRepública Dominicana
_933448
650 4 _aLiteratura folclórica
_zRepública Dominicana
_920006
910 _aValidado. Control de calidad MFF
942 _2ddc
_cLBS1
999 _c31730
_d31730